Normal view
MARC view
- Supervisor: Miss Rabeel Khan
Entry Personal Name
001 - CONTROL NUMBER
- control field: 126335
003 - CONTROL NUMBER IDENTIFIER
- control field: NUST
005 - DATE AND TIME OF LATEST TRANSACTION
- control field: 20241009095452.0
008 - FIXED-LENGTH DATA ELEMENTS
- fixed length control field: 241009|| aca||aabn | a|a d
040 ## - CATALOGING SOURCE
- Original cataloging agency: NUST
- Transcribing agency: NUST
100 ## - HEADING--PERSONAL NAME
- Personal name: Supervisor: Miss Rabeel Khan
670 ## - SOURCE DATA FOUND
- Source citation: Work cat.: (NUST): Liaqat, Sana 126332, Digital Marketing Industry Analysis 2023/
